000 01774cam a22004934i 4500
003 PE-LiUPU
005 20250731165551.0
008 150625s r 000 0 d
035 _a(Sirsi) a34450
035 _a(Sirsi) a34450
040 _aPE-LiUPU
_bspa
_cPE-LiUPU
_erda
082 0 4 _a985.04
_bD
_223
245 0 0 _aObra Gubernativa y Epistolario de Bolívar :
_nVolumen 1.
_bLegislación 1823-1825 /
_cEdición de Félix Denegri Luna con la colaboración de Margarita Guerra.
264 1 _aLima :
_bComisión Nacional del Sesquicentenario de la Independencia del Perú,
_c1975.
300 _a886 páginas ;
_c24 centímetros.
336 _atext
_2rdacontent
337 _aunmediated
_2rdamedia
338 _avolume
_2rdacarrier
490 0 _aColección Documental de la Independencia del Perú ;
_v14
500 _a"Año de la mujer peruana"
505 0 _aLegislación 1823-1825 (Documentos).
526 _aSEG44
526 _aSEG26
526 _aP151
526 _aP150
526 _aP149
526 _aP146
526 _aP145
526 _aP126
526 _aP125
526 _aP92
526 _aP75
526 _aP74
526 _aP27
526 _aP15
600 1 _aBolívar, Simón.
_d1783-1830
_xCorrespondencia
651 _aPerú
_xHistoria
_yRepública, 1825-
_xDocumentos.
700 1 _aDenegri Luna, Félix,
_d1919-1998,
_eeditor.
710 2 _a.Comisión Nacional del Sesquicentenario de la Independencia del Perú
942 _2ddc
_cBK
949 _aRC 985.04 D 14 / 1
_wDEWEY
_c1
_i17016
_lRC
_mBUL
_r0
_sY
_tBOOK
_u2015-6-25
_xBIBLIOTECA
_zUNKNOWN
_0COMPRA
_o.CIRCNOTE. No olvidar cambiar la fecha de devolución!!!!!!!
_o.STAFF. Colección General
999 _c42308
_d42308
980 _81
_gALBERTO SANCHEZ Responsable de Automatización